Rendezvényszervezés a Pesti Vigadóban A múlt és jövő találkozása
| Szerző: | |
|---|---|
| További közreműködők: | |
| Dokumentumtípus: | Projektmunka |
| Kulcsszavak: | megújulás múlt és jövő Pesti Vigadó rendezvényhelyszín rendezvényszervezés történeti áttekintés |
| Online Access: | http://dolgozattar.uni-bge.hu/59994 |
MARC
| LEADER | 00000nnm a2200000 i 4500 | ||
|---|---|---|---|
| 001 | dolg59994 | ||
| 005 | 20260409145839.0 | ||
| 008 | 260409suuuu hu o 000 hun d | ||
| 040 | |a BGE Dolgozattár Repozitórium |b hun | ||
| 041 | |a hu | ||
| 100 | 1 | |a Garai Réka | |
| 245 | 1 | 0 | |a Rendezvényszervezés a Pesti Vigadóban A múlt és jövő találkozása |c Garai Réka |h [elektronikus dokumentum] |
| 516 | |a Project_work | ||
| 520 | 3 | |a Projektmunkám a rendezvényszervezés, azon belül a rendezvényhelyszínek témáját járta körül. Ezen belül a Pesti Vigadó, mint rendezvényhelyszín bemutatkozására vállalkoztam. A projektmunkám célja az volt, hogy megvizsgáljam, hogyan befolyásolja a rendezvény helyszíne egy rendezvény sikerességét. Konkrét helyszínként a Pesti Vigadót választottam, hiszen egy nagymúltú intézményről van, ami napjainkban modern rendezvények helyszíne. Hipotézisem szerint a Pesti Vigadó, mint a főváros egyik kulturális és turisztikai központja, számos új fogyasztói elvárásnak van kitéve. Ahhoz, hogy továbbra is vonzó célpont maradjon a látogatók számára elengedhetetlen a folyamatos megújulás. Úgy gondolom, hogy a projektmunkám segített megérteni, hogyan lehet a múlt örökségét a rendezvényszervezés legújabb trendjeivel összedolgozni. Hipotézisem igazolására archív dokumentumok elemzését végeztem el a Vigadó történetének és múltbeli funkcióinak feltérképezése érdekében. Ezt követően a rendezvényszervező szakemberekkel folytatottam beszélgetéseket, interjút készítettem, hogy megértsem a jövőbeli lehetőségeket és kihívásokat. A vizsgálati eredmények alapján SWOT elemzést végeztem. A projektmunkám során arra a következtetésre jutottam, hogy bármilyen nagy múltú helyszín esetén is elengedhetetlen a folyamatos megújulás. Az egyik legfontosabb megállapításom az, hogyha a helyszín nem újul meg, az érdeklődés a rendezvények iránt csökken, hiszen minden élmény megunható. | |
| 695 | |a megújulás | ||
| 695 | |a múlt és jövő | ||
| 695 | |a Pesti Vigadó | ||
| 695 | |a rendezvényhelyszín | ||
| 695 | |a rendezvényszervezés | ||
| 695 | |a történeti áttekintés | ||
| 700 | 1 | |a Róbert Nóra |e ths | |
| 856 | 4 | 0 | |u http://dolgozattar.uni-bge.hu/59994/1/Garai%20R%C3%A9ka%20PROJEKTMUNKA%20FOSZK%202025.pdf |z Dokumentum-elérés |
| 856 | 4 | 0 | |u http://dolgozattar.uni-bge.hu/59994/2/Garai%20R%C3%A9ka_Konzulens_R%C3%B3bert%20N%C3%B3ra.pdf |z Dokumentum-elérés |